Générateur de puzzle - Animaux - Statistiques

Statistiques générales
  • Ce quiz a été pris 13 571 fois
  • Le résultat moyen est 10 sur 21
Statistiques - réponses
Hint Réponses % Correct
Poisson très serré dans les conserves Sardine
97%
Continent du panda géant Asie
92%
Possède plumes et bec Oiseau
89%
Abri pour la progéniture des volatiles Nid
76%
Meilleur ami de Shrek Âne
75%
Contraire de nocturne, signifiant "qui vit le jour" Diurne
75%
Peut être manta ou léopard Raie
69%
Surnommé "hérisson de mer" Oursin
63%
Fibre produite par araignées et chenilles Soie
53%
Déesse romaine de la chasse Diane
44%
Le lama vit dans ces montagnes Andes
42%
Moyen d'écholocalisation du dauphin Sonar
41%
Famille scientifique des ours Ursidé
30%
Coup de sabot en arrière d'un cheval Ruade
25%
Surnom d'Henri Rousseau, peignant la jungle et ses animaux Douanier
21%
Son cheval s'appelle Sleipnir, ses corbeaux Hugin et Munin Odin
21%
Chamois des Pyrénées Isard
14%
Dinosaure
11%
Insectes noirs dans Mon voisin Totoro et Le Voyage de Chihiro Noiraudes
11%
Désigne le sous-ordre des "lézards" Saurien
9%
Un bruant et un busard portent le nom de cette plante aquatique Roseau
5%
Aucun quiz correspondant
Distribution des résultats
% des personnes avec chaque résultat
Percentile par nombre de réponses
Votre historique - résultats
Vous n’avez pas pris ce quiz